000 00841nam a2200277 i 4500
001 57933
003 ES-MaACL
005 20250816233153.0
007 t|
008 031020s1973 sp |||| | spa d
080 _a291.211.8
080 _a392
100 1 _aDouglas, Mary.
_945496
245 1 0 _aPureza y peligro
_b: un análisis de los conceptos de contaminación y tabú /
_cpor Mary Douglas ; [traducción de Edison Simons].
250 _a1ª ed.
260 _aMadrid :
_bSiglo Veintiuno de España,
_c1973.
300 _a243 p. ;
_c18 cm.
490 1 _aAntropología
650 0 4 _aTabúes.
_917276
650 0 7 _aRitos y ceremonias
_2embne
_916917
700 1 _aSimons, Edison.
_9106586
830 0 _aAntropología
_9182635
852 _aES-MaACL
_jC-55748
852 _aES-MaACL
_jE-5445
999 _c57933
_d57933